Migrant’s space-making strategies: shaping urban space in everyday life

Saved in:
Bibliographic Details
Main Author: Bork-Hüffer, Tabea (Author)
Format: Article (Journal) Chapter/Article
Language:English
Published: 2019
In: Mega cities mega challenge
Year: 2019, Pages: 81
Online Access: Get full text
Author Notes:Tabea Bork-Hüffer

MARC

LEADER 00000caa a2200000 c 4500
001 1923816640
003 DE-627
005 20250717012057.0
007 tu
008 250429s2019 xx ||||| 00| ||eng c
035 |a (DE-627)1923816640 
035 |a (DE-599)KXP1923816640 
035 |a (OCoLC)1528045040 
040 |a DE-627  |b ger  |c DE-627  |e rda 
041 |a eng 
084 |a 61  |2 sdnb 
100 1 |a Bork-Hüffer, Tabea  |d 1983-  |e VerfasserIn  |0 (DE-588)1023557959  |0 (DE-627)718407393  |0 (DE-576)366982729  |4 aut 
245 1 0 |a Migrant’s space-making strategies  |b shaping urban space in everyday life  |c Tabea Bork-Hüffer 
264 1 |c 2019 
300 |a 1 
336 |a Text  |b txt  |2 rdacontent 
337 |a ohne Hilfsmittel zu benutzen  |b n  |2 rdamedia 
338 |a Band  |b nc  |2 rdacarrier 
773 0 8 |i Enthalten in  |t Mega cities mega challenge  |d Stuttgart : Borntraeger Science Publishers, 2019  |g (2019), Seite 81  |h 227 Seiten  |w (DE-627)1047239531  |w (DE-576)517757052  |z 9783443011031  |7 nnam  |a Migrant’s space-making strategies shaping urban space in everyday life 
773 1 8 |g year:2019  |g pages:81  |g extent:1  |a Migrant’s space-making strategies shaping urban space in everyday life 
951 |a AR 
992 |a 20250429 
993 |a Article 
994 |a 2019 
998 |g 1023557959  |a Bork-Hüffer, Tabea  |m 1023557959:Bork-Hüffer, Tabea  |d 910000  |d 950000  |d 950950  |e 910000PB1023557959  |e 950000PB1023557959  |e 950950PB1023557959  |k 0/910000/  |k 1/910000/950000/  |k 2/910000/950000/950950/  |p 1  |x j  |y j 
999 |a KXP-PPN1923816640  |e 471529138X 
BIB |a Y 
JSO |a {"id":{"eki":["1923816640"]},"name":{"displayForm":["Tabea Bork-Hüffer"]},"physDesc":[{"extent":"1 S."}],"person":[{"display":"Bork-Hüffer, Tabea","given":"Tabea","role":"aut","family":"Bork-Hüffer"}],"type":{"bibl":"chapter"},"language":["eng"],"recId":"1923816640","title":[{"title":"Migrant’s space-making strategies","subtitle":"shaping urban space in everyday life","title_sort":"Migrant’s space-making strategies"}],"relHost":[{"name":{"displayForm":["Frauke Kraas, Kirsten Hackenbroch, Harald Sterly, Jost Heintzenberg, Peter Herrle and Volker Kreibich (eds.)"]},"type":{"bibl":"edited-book"},"note":["Literaturverzeichnis: Seite 198-219"],"recId":"1047239531","person":[{"family":"Kraas","given":"Frauke","display":"Kraas, Frauke","role":"edt"},{"family":"Hackenbroch","role":"edt","display":"Hackenbroch, Kirsten","given":"Kirsten"},{"role":"edt","given":"Harald","display":"Sterly, Harald","family":"Sterly"},{"display":"Heintzenberg, Jost","given":"Jost","role":"edt","family":"Heintzenberg"},{"given":"Peter","display":"Herrle, Peter","role":"edt","family":"Herrle"},{"display":"Kreibich, Volker","given":"Volker","role":"edt","family":"Kreibich"}],"physDesc":[{"noteFormat":"25 x 18 cm","extent":"227 Seiten","noteIll":"Illustrationen, Karten, Diagramme"}],"id":{"eki":["1047239531"],"isbn":["9783443011031"]},"disp":"Migrant’s space-making strategies shaping urban space in everyday lifeMega cities mega challenge","part":{"extent":"1","year":"2019","pages":"81","text":"(2019), Seite 81"},"origin":[{"dateIssuedDisp":"2019","publisherPlace":"Stuttgart","publisher":"Borntraeger Science Publishers","dateIssuedKey":"2019"}],"language":["eng"],"title":[{"title_sort":"Mega cities mega challenge","subtitle":"informal dynamics of global change : insights from Dhaka, Bangladesh and Pearl River Delta, China","title":"Mega cities mega challenge"}]}],"origin":[{"dateIssuedKey":"2019","dateIssuedDisp":"2019"}]} 
SRT |a BORKHUEFFEMIGRANTSSP2019